Country Superlatives by Letter - J+K - Statistics

General Stats
  • This quiz has been taken 338 times
  • The average score is 6 of 10
Answer Stats
Category Country % Correct
Most Populous Japan
96%
Greatest Surface Area Kazakhstan
70%
Most English Speakers as first Language Jamaica
65%
Longest Coastline Japan
61%
Least Peaceful Kenya
58%
Highest Elevation Kyrgyzstan
58%
Most Disputed as a Country Kosovo
57%
Hottest Temperature Kuwait
54%
Most Obese Kiribati
49%
Highest Birth Rate Jordan
44%
No matching quizzes found
Score Distribution
Percent of People with Each Score
Percentile by Number Answered
Your Score History
You have not taken this quiz